| 000 | 00644nam a2200229Ia 4500 | ||
|---|---|---|---|
| 003 | OSt | ||
| 005 | 20220813111130.0 | ||
| 008 | 210716s2003 xx 000 0 und d | ||
| 020 | _a8120322584 | ||
| 040 | _cAIMIT LIBRARY | ||
| 041 | _aeng | ||
| 082 |
_a574.80285 _21 _bBERB |
||
| 100 |
_aBergeron, Bryan. _954750 |
||
| 245 |
_aBionformatics computing / _cBy Bryan Bergeron. |
||
| 250 | _a1st | ||
| 260 |
_aNew Delhi : _bPearson Education , _c2003. |
||
| 300 |
_axxii, 439p. ; _c23 cm. |
||
| 650 |
_aThe central dogma _954751 |
||
| 650 |
_aSearch engines _954752 |
||
| 650 |
_aData mining _954753 |
||
| 942 |
_2ddc _cBK _e1st _k574.80285 BERB |
||
| 999 |
_c186636 _d186636 |
||